00697nam a2200241 a 4500001001300000003000900013005001700022008004100039020001000080082001300090100002100103245004900124260004000173300000800213500003500221505001000256650002400266700002100290902000800311942000700319952011400326999001500440nice12345678IN_TiNIC20260116012549.0050524s1982 chea grp 000 0 eng  ac10000a201bSTA aStacey, Vivienne aThomas Valpy Frenchb First Bishop of Lahore aChennai bLilly Soosai Opset c1982 a37p aincludes index and biblioraphy2 aTyped aChristian-Biography1 aStacey, Vivienne bSRS cBK 001040708StackRoom-aHMIbHMId2008-04-25g100.00l0o201 STAp010705r2008-04-25v100.00w2005-05-24yBK c7477d7477